000 01071cam a2200205 4500
001 WB3835-14
008 020925n2002 000 0 eng u
035 _a(Sirsi) u119850
245 _aProposed amendments to the land tribunal rules
260 _c2002
490 _aRICS Residential Faculty News
_v24 September 2002, (1)
520 _aLord Chancellorαs Department has issued a consultation to seek views on changes to the Lands Tribunal Rules that are proposed as a result of provisions in the Commonhold and Leasehold Reform Act 2002. For the RICS Residential Faculty News release: http://www.rics.org/ricscms/bin/show?class=News&template=/includes/shownews.html&id=3727&faculty=Residential%20Property&faculty=All%20Faculties For the consultation paper: http://www.lcd.gov.uk/consult/common/landstrib.htm
590 _aWB
650 _aLORD CHANCELLORS DEPARTMENT
650 _aCOMMONHOLD AND LEASEHOLD REFORM ACT 2002
650 _aLANDS TRIBUNAL
650 _aLEASEHOLD VALUATION TRIBUNAL
690 _aLANDLORD AND TENANT-LEASEHOLD REFORM
942 _n0
999 _c71229
_d71229